00449nam a2200133Ia 4500082002200000245005800022260002300080300001000103504000800113650003400121650003200155650002200187710010600209 aRR 005.7525 UNE-; 0aCDS/ISIS for windows: reference manual (version 1.31) as.l.bUnescoc1998 a129p. aref aOperating systems (Computers) aWindows (Computer programs) aComputer programs aUnesco. Division of Infromation and Informatics. Sector of Communication, Information and Informatics